000 00811pam a2200217 a 4500
020 _a0471591688 (acidfree paper)
082 0 0 _a624.068
_bAHU
_cL-37,P-156
100 1 _aAhuja, H. N.
_936879
245 1 0 _aProject management :
_btechniques in planning and controlling construction projects /
_cHira N. Ahuja, S.P. Dozzi, S.M. AbouRizk.
250 _a2nd ed.
260 _aNew York :
_bJ. Wiley,
_cc1994.
300 _axiv, 505 p. :
_bill. ;
_c25 cm.
526 _a0
_b0
_c0
_d624_068000000000000_AHU
650 0 _aConstruction industry
_xManagement.
_9806
650 0 _aMCE
_9379
700 1 _aAbouRizk, S. M.
_913122
700 1 _aDozzi, S. P.
_937156
856 4 _uhttp://www.loc.gov/catdir/toc/onix02/94007316.html
856 4 2 _uhttp://www.loc.gov/catdir/description/wiley032/94007316.html
942 _2ddc
_cBK
999 _c542062
_d542062